Technológia pre IV. ročník priemyselných škôl strojníckych

Bibliographic Details
Main Authors: Kubeš, Josef (Author), Vašíček, Emil (autor učebníc) (Author)
Other Authors: Kravarik, Juraj (Translator)
Format: Book
Language:Slovak
Czech
PhysicalDescription:147 strán grafy, ilustrácie, schémy, tabuľky 21 cm
Published: Bratislava Slovenské vydavateľstvo technickej literatúry 1964
Edition:Prvé vydanie
Series:Edícia strojárskej literatúry
Subjects:

MARC

LEADER 00000cam a2200000 a 4500
001 vtls008333564
003 SK-MaSNL
005 20260301204702.0
008 251001s1964 xo al drp 000 0 slo
015 |a SNBA1964/04-00826 
020 |q (viazané) 
035 |a SK01SNK19640025781 
035 |a 8AF7058F-0302-45F7-B802-3789BE8FCE14 
035 |a urn:nbn:sk:snk-am00icp1 
035 |a SKM000028244 
040 |a SNK  |b slo  |c SNK  |e AACR2 
041 1 |a slo  |h cze 
044 |a xo  |c SK 
072 7 |a 621  |x Strojárstvo  |2 konspekt 
072 7 |a 37.016  |x Učebné osnovy. Vyučovacie predmety. Učebnice  |2 konspekt 
080 |a 621:62.004(075.3)  |2 1981 
080 |a 377(075.3)  |2 1981 
080 |a 621  |2 2011 
080 |a 621.7/.9  |2 2011 
080 |a (075.3)  |2 2011 
100 1 |a Kubeš, Josef  |4 aut  |9 349150 
240 1 0 |a Technologie pro IV. ročník průmyslových škl strojnickych  |l Slovensky 
245 1 0 |a Technológia pre IV. ročník priemyselných škôl strojníckych  |c Josef Kubeš, Emil Vašíček ; [z českého originálu Technologie pro IV. ročník průmyslových škol strojnickych... preložil Juraj Kravarík] 
250 |a Prvé vydanie 
260 |a Bratislava  |b Slovenské vydavateľstvo technickej literatúry  |c 1964  |e Bratislava  |f Polygrafické závody 2 
300 |a 147 strán  |b grafy, ilustrácie, schémy, tabuľky  |c 21 cm 
366 |e 3000 kusov 
490 1 |a Edícia strojárskej literatúry 
650 0 7 |a strojárstvo  |2 SNKPH  |9 674 
650 0 7 |a strojárska technológia  |2 SNKPH  |9 65980 
655 7 |a učebnice stredných škôl  |2 SNKPH  |9 69323 
700 1 |a Vašíček, Emil  |c (autor učebníc)  |4 aut  |9 80034 
700 1 |a Kravarik, Juraj  |4 trl  |9 589383 
830 0 |a Edícia strojárskej literatúry  |9 266612 
852 |a Slovenská národná knižnica 
954 |a odborná, vedecká literatúra cudzojazyčná (svetová)  |2 lita 
958 |a EUIPO 
958 |a TL 
958 |a RK 
958 |a UC 
958 |a CZ 
958 |a OP 
958 |a OND 
968 |b ČES 
999 |c 907375  |d 909305 
952 |a SNK  |b SNK  |y PREZ  |7 0  |p 17A0807345  |o snkSC 18651  |i snkKSP 1264/64  |0 0  |1 0  |4 0  |d 2021-11-26  |f 1  |l 0  |r 2026-02-24 07:33:29  |w 2026-02-24